Vincent van Gogh, 1853-1890: visión y realidad
Salvato in:
| Autore principale: | |
|---|---|
| Natura: | Libro |
| Lingua: | spagnolo |
| Pubblicazione: |
Colonia
Taschen
2000
|
| Soggetti: | |
| Tags: |
Aggiungi Tag
Nessun Tag, puoi essere il primo ad aggiungerne!!
|
MARC
| LEADER | 00000nam a2200000 a 4500 | ||
|---|---|---|---|
| 001 | UCM9387 | ||
| 003 | CL-VaPUC | ||
| 008 | 030425e20000000GW |||||||||||||||||spa|d | ||
| 020 | |a 3822861936 | ||
| 082 | 0 | 4 | |a 759.9492 |b WAL |2 21 |
| 100 | 0 | |a Walther, Ingo F |e author |9 475867 | |
| 245 | 1 | 0 | |a Vincent van Gogh, 1853-1890: visión y realidad |
| 300 | |a 95 p | ||
| 942 | |c BK | ||
| 945 | |d 20030425 00:00:00 |a vberengu | ||
| 260 | |a Colonia |b Taschen |c 2000 | ||
| 600 | 0 | |a Gogh, Vincent van |d 1853-1890 |9 475868 | |
| 650 | 7 | |a PINTORES HOLANDESES |2 CL-VaPUC |9 475869 | |
| 650 | 0 | |a Pintura holandesa |9 267860 | |
| 650 | 0 | |a Postimpresionismo |9 407295 | |
| 583 | |a last modification |c 20130430 02:55:12 |k Rodrigo Vera | ||
| 999 | |c 303658 |d 303656 | ||
| 952 | |0 0 |1 0 |4 0 |6 759_949200000000000_WAL_2000 |7 0 |8 F |9 365123 |a BIBEDU |b BIBEDU |d 2019-11-21 |i 4148991 |o 759.9492 WAL 2000 |p 4148991 |r 2023-01-13 |w 2019-11-21 |y BK_F |k LIT | ||